Najdłuższe granice według państwa #3 - Statystyki

Ogólne statystyki
  • Ten quiz został rozwiązany 19 024 razy
  • Średni wynik to 17 z 20
Statystyki odpowiedzi
Państwo Najdłuższa granica Długość % Poprawnych
Ukraina Rosja 1576 km
100%
Chile Argentyna 5300 km
97%
Korea Południowa Korea Północna 238 km
97%
Austria Niemcy 784 km
97%
Mongolia Chiny 4677 km
96%
Irak Iran 1458 km
90%
Niger Nigeria 1497 km
90%
Bośnia i Hercegowina Chorwacja 932 km
88%
Szwajcaria Włochy 740 km
87%
Jemen Arabia Saudyjska 1458 km
84%
Rumunia Bułgaria 608 km
83%
Macedonia Północna Grecja 247 km
82%
Mołdawia Ukraina 939 km
81%
Ekwador Peru 1420 km
79%
Armenia Azerbejdżan 787 km
75%
Wietnam Laos 2130 km
75%
Somalia Etiopia 1600 km
72%
Indie Bangladesz 4053 km
70%
Tanzania Kenia 769 km
59%
Burkina Faso Mali 1000 km
54%
Nie znaleziono quizów pasujących do podanych kryteriów
Rozkład punktacji
Procent ludzi z każdym wynikiem
Percentyl według liczby udzielonych odpowiedzi
Twoja historia wyników
Nie rozwiązałeś tego quizu